Firma ako aktér miestneho rozvoja diplomová práca

Enregistré dans:
Détails bibliographiques
Auteur principal: Alaxová, Nina
Collectivité auteur: Národohospodárska fakulta EU. Katedra verejnej správy a regionálneho rozvoja
Autres auteurs: Černěnko, Tomáš, 1981-
Format: Livre
Langue:slovaque
Publié: Bratislava 2011
Tags: Ajouter un tag
Pas de tags, Soyez le premier à ajouter un tag!

MARC

LEADER 00000nbm a2200000 4500
001 0130552
005 20161109101547.6
041 0 |a slo 
044 |a SK 
245 1 0 |a Firma ako aktér miestneho rozvoja  |b diplomová práca  |c Nina Alaxová ; školiteľ: Tomáš Černěnko 
264 1 |a Bratislava  |c 2011 
300 |a 79 s. 
100 1 |a Alaxová, Nina 
700 1 |a Černěnko, Tomáš, 1981- 
710 2 |a Národohospodárska fakulta EU. Katedra verejnej správy a regionálneho rozvoja